| 000 -LEADER |
| fixed length control field |
01477cam a2200385 i 4500 |
| 001 - CONTROL NUMBER |
| control field |
20435374 |
| 003 - CONTROL NUMBER IDENTIFIER |
| control field |
NUST340 |
| 005 - DATE AND TIME OF LATEST TRANSACTION |
| control field |
20211027115446.0 |
| 008 - FIXED-LENGTH DATA ELEMENTS--GENERAL INFORMATION |
| fixed length control field |
180406s2017 enk b 001 0 eng |
| 010 ## - LIBRARY OF CONGRESS CONTROL NUMBER |
| LC control number |
2017478445 |
| 020 ## - INTERNATIONAL STANDARD BOOK NUMBER |
| International Standard Book Number |
9781316621172 (paperback) |
| 038 ## - RECORD CONTENT LICENSOR |
| Staff Name |
Azhar |
| 040 ## - CATALOGING SOURCE |
| Original cataloging agency |
DLC |
| Language of cataloging |
eng |
| Description conventions |
rda |
| Transcribing agency |
DLC |
| 042 ## - AUTHENTICATION CODE |
| Authentication code |
pcc |
| 050 00 - LIBRARY OF CONGRESS CALL NUMBER |
| Classification number |
K230.R378 |
| Item number |
A35 2017 |
| 082 ## - DEWEY DECIMAL CLASSIFICATION NUMBER |
| Classification number |
340 |
| 100 1# - MAIN ENTRY--PERSONAL NAME |
| Personal name |
Ratnapala, Suri, |
| Dates associated with a name |
1947- |
| Relator term |
author. |
| 9 (RLIN) |
83428 |
| 245 10 - TITLE STATEMENT |
| Title |
Jurisprudence / |
| Statement of responsibility, etc. |
Suri Ratnapala. |
| 250 ## - EDITION STATEMENT |
| Edition statement |
Third edition. |
| 260 ## - PUBLICATION, DISTRIBUTION, ETC. |
| Place of publication, distribution, etc. |
United Kingdom |
| Name of publisher, distributor, etc. |
Cambridge University Press, |
| Date of publication, distribution, etc. |
2017. |
| 264 #1 - PRODUCTION, PUBLICATION, DISTRIBUTION, MANUFACTURE, AND COPYRIGHT NOTICE |
| Place of production, publication, distribution, manufacture |
Cambridge, United Kingdom : |
| Name of producer, publisher, distributor, manufacturer |
Cambridge University Press, |
| Date of production, publication, distribution, manufacture, or copyright notice |
2017. |
| 300 ## - PHYSICAL DESCRIPTION |
| Extent |
x, 461 pages ; |
| Dimensions |
24 cm |
| 336 ## - CONTENT TYPE |
| Content type term |
text |
| Content type code |
txt |
| Source |
rdacontent |
| 337 ## - MEDIA TYPE |
| Media type term |
unmediated |
| Media type code |
n |
| Source |
rdamedia |
| 338 ## - CARRIER TYPE |
| Carrier type term |
volume |
| Carrier type code |
nc |
| Source |
rdacarrier |
| 500 ## - GENERAL NOTE |
| General note |
Suri Ratnapala is affiliated with University of Queensland. |
| 504 ## - BIBLIOGRAPHY, ETC. NOTE |
| Bibliography, etc. note |
Includes bibliographical references (pages 435-447) and index. |
| 505 0# - FORMATTED CONTENTS NOTE |
| Formatted contents note |
Law as it is -- Law and morality -- Social dimensions of law -- Rights and justice. |
| 563 ## - BINDING INFORMATION |
| Binding note |
P.B |
| 650 #0 - SUBJECT ADDED ENTRY--TOPICAL TERM |
| Topical term or geographic name entry element |
Jurisprudence. |
| 9 (RLIN) |
35222 |
| 775 08 - OTHER EDITION ENTRY |
| Relationship information |
Revision of: |
| Main entry heading |
Ratnapala, Suri, 1947- . |
| Title |
Jurisprudence. |
| Edition |
Second edition. |
| Place, publisher, and date of publication |
Port Melbourne, Vic, Australia : Cambridge University Press, [2013] |
| Record control number |
(DLC) 2013362287. |
| International Standard Book Number |
9781107612570. |
| 906 ## - LOCAL DATA ELEMENT F, LDF (RLIN) |
| a |
0 |
| b |
ibc |
| c |
origcop |
| d |
2 |
| e |
ncip |
| f |
20 |
| g |
y-gencatlg |
| 942 ## - ADDED ENTRY ELEMENTS (KOHA) |
| Source of classification or shelving scheme |
|
| Koha item type |
Book |